000 00568cam a2200217 4500
008 090401t1997 xxu||||| |||| 00| 0 eng d
020 _a1860811833
035 _a(Sirsi) u82747
041 _aeng
050 _a690
110 _aBuilding Research Establishment
245 _aConnecting walls and floors : design and performance.
260 _aLondon
_bCRC Ltd.
_c1997
300 _a4p. : ill. ; 30cm.
350 _a0
490 _aGood Building Guide
_v29 part 2
650 _aWALL TIES
690 _aBUILT ENVIRONMENT
942 _n0
948 _c17/12/1997
999 _c96829
_d96829